000 02040cam a22004574i 4500
003 PE-LiUPU
005 20250731165455.0
008 150623s r 000 0 d
035 _a(Sirsi) a21419
040 _aPE-LiUPU
_bspa
_cPE-LiUPU
_erda
082 0 4 _a025.316
_bE87
_221
100 1 _aEspejo, Olga,
_eautor.
245 1 0 _aFormato Marc para monografías.
264 1 _aLima :
_bBiblioteca Nacional del Perú,
_c1998.
300 _a155 páginas ;
_c20.5 cm.
336 _atext
_2rdacontent
337 _aunmediated
_2rdamedia
338 _avolume
_2rdacarrier
504 _aIncluye bibliografía.
505 0 _aFormato MARC. -Campos de longitud fija. -Campos de longitud variable. -Campos OXX. -Campos 1XX. -Campos 2XX. -Campos 3XX. -Campos 4XX. -Campos 5XX. -Campos 6XX. -Campos 7XX. -Campos 8XX. Campos 9XX. -Anexos. -Hoja de descripción y análisis bibliografíco. -Código ISO 3166 de Países (1993). -Códigi ISO 639 de lenguas. Formato MARC. -Campos de longitud fija. -Campos de longitud variable. -Campos OXX. -Campos 1XX. -Campos 2XX. -Campos 3XX. -Campos 4XX. -Campos 5XX. -Campos 6XX. -Campos 7XX. -Campos 8XX. Campos 9XX. -Anexos. -Hoja de descripción y análisis bibliográfico. -Código ISO 3166 de Países (1993). -Código ISO 639 de lenguas.
526 _aSEG44
526 _aSEG26
526 _aP151
526 _aP150
526 _aP149
526 _aP146
526 _aP145
526 _aP126
526 _aP125
526 _aP92
526 _aP75
526 _aP74
526 _aP27
526 _aP15
650 0 4 _aFORMATO MARC
_xPROCESAMIENTO ELECTRONICO DE DATOS.
942 _2ddc
_cBOOK
949 _a025.316 E87
_wDEWEY
_c1
_i45001
_lCCODEBUL1
_mBUL
_p00.00
_r0
_sY
_tBOOK
_u2015-06-24
_xBIBLIOTECA
_zUNKNOWN
_0COMPRA
_o.STAFF. Colección General
596 _a1
999 _a025.316 E87
_wDEWEY
_c21879
_i45001
_f2021-11-4
_g5
_lCCODEBUL1
_mBUL
_r0
_sY
_tBOOK
_u2015-6-24
_xBIBLIOTECA
_zUNKNOWN
_0COMPRA
_o.STAFF. Colección General
_d21879
980 _81
_gALBERTO SANCHEZ Responsable de Automatización